LEADER 01128nam a2200229 u 4500 001 000000004630 003 CaOOAMICUS 005 20070226104655.0 008 941221s1952 gw af u000 u ger u 035 $a10122960 040 $aPUL$bita 100 1 $aBenz, Ernst,$d1907-$0(OLS)http://pul/name/4797 245 14$aDie Ostkirche im Lichte der protestantischen Geschichtsschreibung von der Reformation bis zur Gegenwart ... :$bMit 17 Abbildungen auf Tafeln und im Text. 260 $aMünchen :$bK. Alber,$c[1952] 300 $axi, [1], 421 p. :$bill., tav. ;$c23 cm 490 1 $aOrbis academicus ... Abt. protestantische Theologia 850 $aPUL 852 $aPUL$W1$xDP1 Fondo Maccarrone$y58$m1500 E 13$j6488$nBK-PRI$b $qFondi$B6488$CPULBib$Z2$F6488 $H $81 941 1 $a1 961 $aINV: 00165 Fondo Mons. M. Maccarrone 996 $6245$aDie Ostkirche im Lichte der protestantischen Geschichtsschreibung von der Reformation bis zur Gegenwart ... :$bMit 17 Abbildungen auf Tafeln und im Text$9(OLS)http://pul/title/6691 996 $6260$aMünchen :$bK. Alber$9(OLS)http://pul/publisher/50538 LEADER 01136nam a2200277 u 4500 001 000000014752 003 CaOOAMICUS 005 20070226105812.0 008 941214s1905 fr u000 u fre u 035 $a10346701 040 $aISA(R)$bita 100 1 $aLagrange, Marie-Joseph,$cO.P.,$d1855-1938.$0(OLS)http://pul/name/3336 245 10$aEtudes sur les Religions Sémitiques /$cpar le p. Marie-Joseph Lagrange. 250 $a2. éd. revue et augmentée. 260 $aParis :$bLib. V. Lecoffre,$c1905. 300 $axiv, 527 p. ;$c25 cm 490 1 $aEtudes bibliques 500 $a"Table alphabétique des matières" : p. [515]-527. 504 $aNote bibliografiche. 650 4$aReligione semìtica.$0(OLS)http://pul/subject/10288 830 0$aEtudes bibliques.$0(OLS)http://pul/title/4591 850 $aPUL 852 $aPUL$W1$xSL Religione 1$y3$m5 F 12$j20677$nBK-PRI$b $qStampati$B20677$CPULBib$Z2$F20677 $H $81 941 1 $a8 996 $6245$aEtudes sur les Religions Sémitiques$9(OLS)http://pul/title/21174 996 $6260$aParis :$bLib. V. Lecoffre$9(OLS)http://pul/publisher/54455